LEADER 01149nam a2200289Ia 4500 001 991003651369707536 008 190507s1980 ur 0 eng d 035 $ab14366277-39ule_inst 040 $aBibl. Dip.le Aggr. Matematica e Fisica - Sez. Fisica$beng 041 0 $aengrus 082 04$a530.15 084 $aLC QA401 100 1 $aBitsadze, A.V.$0442121 245 10$aEquations of mathematical physics /$cA.V. Bitsadze ; translated from the Russian by V.M. Volosov and I.G. Volosova 260 $aMoscow :$bMIR,$c1980 300 $a318 p. :$bill. ;21cm 504 $aIncludes index 546 $aTranslation of: Uravneni?i?a matematichesko? fiziki 650 4$aDifferential equations, Partial 650 4$aDifferential equations, Linear 650 4$aMathematical physics 907 $a.b14366277$b23-05-19$c23-05-19 912 $a991003651369707536 945 $aLE006 Fondo Soliani 213$cEx Libris Giulio Soliani$g1$i2006000102100$lle006$og$pE38.59$q-$rn$s- $t1$u0$v0$w0$x0$y.i15890065$z23-05-19 996 $aEquations of mathematical physics$91122702 997 $aUNISALENTO 998 $ale006$b07-05-19$cm$da $e $feng$gur $h0$i0 LEADER 01323nam 2200445 450 001 9910815436103321 005 20191120140942.0 010 $a2-8047-0305-3 035 $a(CKB)3810000000102466 035 $a(MiAaPQ)EBC5693267 035 $a(Au-PeEL)EBL5693267 035 $a(CaPaEBR)ebr11655079 035 $a(OCoLC)1086064233 035 $a(PPN)256293732 035 $a(EXLCZ)993810000000102466 100 $a20191120d2015 uy 0 101 0 $afre 135 $aurcnu|||||||| 181 $ctxt$2rdacontent 182 $cc$2rdamedia 183 $acr$2rdacarrier 200 10$a60 questions e?tonnantes sur les parents $eet les re?ponses qu'y apporte la science /$fJean-Baptiste Dayez, Anne-Sophie Ryckebosch ; Piotr Piech, illustrations 210 1$aBruxelles :$cMardaga,$d[2015] 210 4$dİ2015 215 $a1 online resource (144 pages) 225 0 $aIn psycho veritas 311 $a2-8047-0250-2 606 $aParenting 615 0$aParenting. 676 $a649.1 700 $aDayez$b Jean-Baptiste$01687256 702 $aRyckebosch$b Anne-Sophie 702 $aPiech$b Piotr 801 0$bMiAaPQ 801 1$bMiAaPQ 801 2$bMiAaPQ 906 $aBOOK 912 $a9910815436103321 996 $a60 questions e?tonnantes sur les parents$94060607 997 $aUNINA